000 00735nam a2200253 i 4500
001 C2-0222877
003 PPAK
005 20180728151907.0
008 000125s1990 io |||| ||||| | may d
020 _a9794590916
040 _aPPAK
_beng
_cPPAK
_erda
082 0 4 _a499.222
_223
090 0 0 _a499.222
_bSYA
_dKIH
100 0 _aSyamsul Arifin,
_eauthor
245 1 0 _aTipe-tipe Semantik Adjektiva dalam Bahasa Jawa
264 1 _aJakarta, Indonesia :
_bDepartemen Pendidikan dan Kebudayaan ,
_c1990
300 _axii, 177 pages ;
_c21 cm
336 _2rdacontent
_atext
337 _2rdamedia
_aunmediated
338 _2rdacarrier
_avolume
650 1 0 _aIndonesian languages - Semantics.
700 _eauthor
942 _ddc
_cB
999 _c144098
_d144098